New Indian economy and reforms / (Record no. 155304)

MARC details
000 -LEADER
fixed length control field 00820nam a22002777a 4500
003 - CONTROL NUMBER IDENTIFIER
control field dpl
005 - DATE AND TIME OF LATEST TRANSACTION
control field 20180802132027.0
008 - FIXED-LENGTH DATA ELEMENTS--GENERAL INFORMATION
fixed length control field 180802b xxu||||| |||| 00| 0 eng d
010 ## - LIBRARY OF CONGRESS CONTROL NUMBER
LC control number B-159301
020 ## - INTERNATIONAL STANDARD BOOK NUMBER
International Standard Book Number 8176295590
Terms of availability 550.00
035 ## - SYSTEM CONTROL NUMBER
System control number B-159301
037 ## - SOURCE OF ACQUISITION
Source of stock number/acquisition BPPD/PUB
040 ## - CATALOGING SOURCE
Original cataloging agency DPL
Language of cataloging EN
Transcribing agency 0
082 ## - DEWEY DECIMAL CLASSIFICATION NUMBER
Classification number 338.954
100 ## - MAIN ENTRY--PERSONAL NAME
Personal name Gupta, K.L.
245 ## - TITLE STATEMENT
Title New Indian economy and reforms /
Statement of responsibility, etc K.L. Gupta and Harvinder Kaur
246 ## - VARYING FORM OF TITLE
Remainder of title
260 ## - PUBLICATION, DISTRIBUTION, ETC. (IMPRINT)
Place of publication, distribution, etc New Delhi
Name of publisher, distributor, etc Deep & Deep Publications Pvt. Ltd.
Date of publication, distribution, etc 2004
270 ## - ADDRESS
Address F-159, Rajouri Garden,
City New Delhi
Postal code 110027
300 ## - PHYSICAL DESCRIPTION
Extent xvi, 358p.
Dimensions 24cm(Hb)
500 ## - GENERAL NOTE
General note includes index
650 ## - SUBJECT ADDED ENTRY--TOPICAL TERM
Topical term or geographic name as entry element Economics
9 (RLIN) 106465
650 ## - SUBJECT ADDED ENTRY--TOPICAL TERM
Topical term or geographic name as entry element Foriegn Relations
Geographic subdivision India and Russia
9 (RLIN) 1646
700 ## - ADDED ENTRY--PERSONAL NAME
Personal name Kaur, Harvinder
942 ## - ADDED ENTRY ELEMENTS (KOHA)
Source of classification or shelving scheme Dewey Decimal Classification
Koha item type English Books
Classification part 338.954
Call number suffix GUP
Holdings
Withdrawn status Lost status Source of classification or shelving scheme Damaged status Not for loan Collection code Home library Current library Date acquired Source of acquisition Cost, normal purchase price Total Checkouts Full call number Barcode Date last seen Date checked out Cost, replacement price Price effective from Koha item type
    Dewey Decimal Classification     Non-fiction Shahdara Branch Shahdara Branch 02/08/2018 BPPD/PUB 550.00 2 338.954 GUP B-159301 20/12/2022 06/12/2022 550.00 02/08/2018 English Books

© Delhi Public Library
Hit Counter
free hit counter